<?xml version="1.0" encoding="UTF-8"?>
<record
    xmlns:xsi="http://www.w3.org/2001/XMLSchema-instance"
    xsi:schemaLocation="http://www.loc.gov/MARC21/slim http://www.loc.gov/standards/marcxml/schema/MARC21slim.xsd"
    xmlns="http://www.loc.gov/MARC21/slim">

  <leader>01943nam0a2200373 i 4500</leader>
  <controlfield tag="001">RU\NLR\BIBL_A\010535774</controlfield>
  <controlfield tag="005">20260406024048.0</controlfield>
  <datafield tag="010" ind1=" " ind2=" ">
    <subfield code="a">9785367031447</subfield>
    <subfield code="9">12747</subfield>
  </datafield>
  <datafield tag="021" ind1=" " ind2=" ">
    <subfield code="a">RU</subfield>
    <subfield code="b">2014-70437</subfield>
    <subfield code="9">4320</subfield>
  </datafield>
  <datafield tag="035" ind1=" " ind2=" ">
    <subfield code="a">(NILC)RuMoRGB-007557142</subfield>
  </datafield>
  <datafield tag="035" ind1=" " ind2=" ">
    <subfield code="a">(NLR Aleph) 010535774</subfield>
  </datafield>
  <datafield tag="090" ind1=" " ind2=" ">
    <subfield code="a">10277072</subfield>
    <subfield code="c">10277072</subfield>
  </datafield>
  <datafield tag="100" ind1=" " ind2=" ">
    <subfield code="a">20141120d2014    u  y0rusy50      ca</subfield>
  </datafield>
  <datafield tag="101" ind1="1" ind2=" ">
    <subfield code="a">rus</subfield>
    <subfield code="c">eng</subfield>
  </datafield>
  <datafield tag="102" ind1=" " ind2=" ">
    <subfield code="a">RU</subfield>
  </datafield>
  <datafield tag="105" ind1=" " ind2=" ">
    <subfield code="a">a|||g|||000yy</subfield>
  </datafield>
  <datafield tag="200" ind1="1" ind2=" ">
    <subfield code="a">&#x414;&#x43E;&#x43C;&#x430;&#x448;&#x43D;&#x44F;&#x44F; &#x43E;&#x440;&#x430;&#x43D;&#x436;&#x435;&#x440;&#x435;&#x44F;</subfield>
    <subfield code="e">[&#x444;&#x440;&#x430;&#x43D;&#x446;&#x443;&#x437;&#x441;&#x43A;&#x430;&#x44F; &#x43F;&#x440;&#x438;&#x447;&#x443;&#x434;&#x430;, &#x442;&#x440;&#x438;&#x443;&#x43C;&#x444; &#x43F;&#x43E;&#x431;&#x435;&#x434;&#x438;&#x442;&#x435;&#x43B;&#x44F;, &#x43A;&#x440;&#x430;&#x441;&#x43D;&#x44B;&#x439; &#x431;&#x430;&#x440;&#x445;&#x430;&#x442;, &#x432;&#x435;&#x441;&#x435;&#x43D;&#x43D;&#x438;&#x439; &#x43F;&#x43E;&#x446;&#x435;&#x43B;&#x443;&#x439;, &#x438;&#x434;&#x435;&#x438; &#x441;&#x435;&#x437;&#x43E;&#x43D;&#x43D;&#x44B;&#x445; &#x446;&#x432;&#x435;&#x442;&#x43E;&#x447;&#x43D;&#x44B;&#x445; &#x43A;&#x43E;&#x43C;&#x43F;&#x43E;&#x437;&#x438;&#x446;&#x438;&#x439;</subfield>
    <subfield code="e">&#x438;&#x43B;&#x43B;&#x44E;&#x441;&#x442;&#x440;&#x438;&#x440;&#x43E;&#x432;&#x430;&#x43D;&#x43D;&#x44B;&#x439; &#x441;&#x43F;&#x440;&#x430;&#x432;&#x43E;&#x447;&#x43D;&#x438;&#x43A;]</subfield>
    <subfield code="f">&#x440;&#x435;&#x434;. &#x41A;&#x44D;&#x440;&#x438; &#x422;&#x43E;&#x43C;&#x430;&#x441;</subfield>
    <subfield code="g">[&#x43F;&#x435;&#x440;. &#x441; &#x430;&#x43D;&#x433;&#x43B;. &#x41D;. &#x412;. &#x413;&#x430;&#x431;&#x440;&#x438;&#x435;&#x43B;&#x44F;&#x43D;]</subfield>
  </datafield>
  <datafield tag="210" ind1=" " ind2=" ">
    <subfield code="a">&#x421;&#x430;&#x43D;&#x43A;&#x442;-&#x41F;&#x435;&#x442;&#x435;&#x440;&#x431;&#x443;&#x440;&#x433;</subfield>
    <subfield code="c">&#x410;&#x43C;&#x444;&#x43E;&#x440;&#x430;</subfield>
    <subfield code="d">2014</subfield>
  </datafield>
  <datafield tag="215" ind1=" " ind2=" ">
    <subfield code="a">63 &#x441;.</subfield>
    <subfield code="c">&#x446;&#x432;. &#x438;&#x43B;.</subfield>
    <subfield code="d">29</subfield>
  </datafield>
  <datafield tag="225" ind1="1" ind2=" ">
    <subfield code="a">&#x421;&#x430;&#x434; &#x438; &#x43E;&#x433;&#x43E;&#x440;&#x43E;&#x434;</subfield>
  </datafield>
  <datafield tag="225" ind1="1" ind2=" ">
    <subfield code="a">&#x414;&#x43E;&#x431;&#x440;&#x44B;&#x435; &#x441;&#x43E;&#x432;&#x435;&#x442;&#x44B; &#x414;&#x43E;&#x43C; &#x432; &#x441;&#x430;&#x434;&#x443; &#x43F;&#x440;&#x435;&#x434;&#x441;&#x442;&#x430;&#x432;&#x43B;&#x44F;&#x435;&#x442;</subfield>
  </datafield>
  <datafield tag="225" ind1="1" ind2=" ">
    <subfield code="a">&#x414;&#x43E;&#x431;&#x440;&#x44B;&#x435; &#x441;&#x43E;&#x432;&#x435;&#x442;&#x44B; &#x414;&#x43E;&#x43C; &#x432; &#x441;&#x430;&#x434;&#x443; &#x43F;&#x440;&#x435;&#x434;&#x441;&#x442;&#x430;&#x432;&#x43B;&#x44F;&#x435;&#x442; &#x43A;&#x43E;&#x43B;&#x43B;&#x435;&#x43A;&#x446;&#x438;&#x44E; &#x438;&#x43B;&#x43B;&#x44E;&#x441;&#x442;&#x440;&#x438;&#x440;&#x43E;&#x432;&#x430;&#x43D;&#x43D;&#x44B;&#x445; &#x441;&#x43F;&#x440;&#x430;&#x432;&#x43E;&#x447;&#x43D;&#x438;&#x43A;&#x43E;&#x432; "&#x421;&#x430;&#x434; &#x438; &#x43E;&#x433;&#x43E;&#x440;&#x43E;&#x434;"</subfield>
  </datafield>
  <datafield tag="225" ind1="1" ind2=" ">
    <subfield code="a">&#x41A;&#x43E;&#x43B;&#x43B;&#x435;&#x43A;&#x446;&#x438;&#x44F; &#x438;&#x43B;&#x43B;&#x44E;&#x441;&#x442;&#x440;&#x438;&#x440;&#x43E;&#x432;&#x430;&#x43D;&#x43D;&#x44B;&#x445; &#x441;&#x43F;&#x440;&#x430;&#x432;&#x43E;&#x447;&#x43D;&#x438;&#x43A;&#x43E;&#x432; "&#x421;&#x430;&#x434; &#x438; &#x43E;&#x433;&#x43E;&#x440;&#x43E;&#x434;"</subfield>
    <subfield code="e">&#x435;&#x436;&#x435;&#x43D;&#x435;&#x434;&#x435;&#x43B;&#x44C;&#x43D;&#x43E;&#x435; &#x438;&#x437;&#x434;&#x430;&#x43D;&#x438;&#x435;</subfield>
    <subfield code="v">&#x432;&#x44B;&#x43F;. &#x2116; 20 (20), 2014</subfield>
  </datafield>
  <datafield tag="333" ind1=" " ind2=" ">
    <subfield code="a">12+</subfield>
  </datafield>
  <datafield tag="606" ind1="1" ind2=" ">
    <subfield code="a">&#x426;&#x432;&#x435;&#x442;&#x43E;&#x447;&#x43D;&#x44B;&#x435; &#x43A;&#x443;&#x43B;&#x44C;&#x442;&#x443;&#x440;&#x44B;</subfield>
    <subfield code="j">&#x421;&#x43F;&#x440;&#x430;&#x432;&#x43E;&#x447;&#x43D;&#x438;&#x43A;&#x438;</subfield>
    <subfield code="x">&#x410;&#x441;&#x441;&#x43E;&#x440;&#x442;&#x438;&#x43C;&#x435;&#x43D;&#x442; &#x43F;&#x43E; &#x446;&#x432;&#x435;&#x442;&#x43E;&#x432;&#x43E;&#x439; &#x433;&#x430;&#x43C;&#x43C;&#x435;</subfield>
    <subfield code="9">2618366</subfield>
    <subfield code="3">RU\NLR\AUTH\661554926</subfield>
  </datafield>
  <datafield tag="686" ind1="1" ind2=" ">
    <subfield code="a">&#x41F;274,1&#x44F;2</subfield>
  </datafield>
  <datafield tag="686" ind1="1" ind2=" ">
    <subfield code="a">&#x41F;274-4&#x44F;2</subfield>
  </datafield>
  <datafield tag="702" ind1=" " ind2="1">
    <subfield code="4">340</subfield>
    <subfield code="8">rus</subfield>
    <subfield code="7">ca</subfield>
    <subfield code="a">&#x422;&#x43E;&#x43C;&#x430;&#x441;</subfield>
    <subfield code="b">&#x41A;.</subfield>
    <subfield code="c">&#x440;&#x430;&#x441;&#x442;&#x435;&#x43D;&#x438;&#x435;&#x432;&#x43E;&#x434;</subfield>
    <subfield code="g">&#x41A;&#x44D;&#x440;&#x438;</subfield>
    <subfield code="3">RU\NLR\AUTH\77125617</subfield>
    <subfield code="9">108542</subfield>
  </datafield>
  <datafield tag="801" ind1=" " ind2="0">
    <subfield code="a">RU</subfield>
    <subfield code="b">&#x420;&#x413;&#x411;</subfield>
    <subfield code="c">20140923</subfield>
    <subfield code="g">RCR</subfield>
  </datafield>
  <datafield tag="801" ind1=" " ind2="1">
    <subfield code="a">RU</subfield>
    <subfield code="b">&#x420;&#x413;&#x411;</subfield>
    <subfield code="c">20140923</subfield>
    <subfield code="2">rusmarc</subfield>
  </datafield>
  <datafield tag="942" ind1=" " ind2=" ">
    <subfield code="c">BOOK</subfield>
  </datafield>
  <datafield tag="980" ind1=" " ind2=" ">
    <subfield code="a">NBR</subfield>
  </datafield>
</record>
